[Event "XVIII MFSz Pamieci E. Laskera - Open A"]
[Site "Barlinek"]
[Date "2010.07.18"]
[Round "1"]
[White "Rutkowski, Maciej"]
[Black "Sroka, Janusz"]
[WhiteElo "2413"]
[BlackElo "2148"]
[Result "1/2-1/2"]
[PlyCount "98"]
[EventDate "2010.??.??"]

1. d4 Nf6 2. Nf3 g6 3. c4 Bg7 4. g3 d6 5. Bg2 O-O 6. Nc3 Nc6 7. O-O a6 8. b3 e5
9. d5 Ne7 10. e4 Nh5 11. Bb2 h6 12. b4 a5 13. a3 Bd7 14. Nd2 Qc8 15. c5 axb4
16. axb4 Rxa1 17. Bxa1 Bh3 18. Nc4 Bxg2 19. Kxg2 Qd7 20. Bb2 f5 21. f3 dxc5 22.
bxc5 fxe4 23. fxe4 Rxf1 24. Kxf1 Kh7 25. Kg2 Bf6 26. h3 Nc8 27. Qb3 Bh4 28. Ne2
Bxg3 29. Qxb7 Qf7 30. Nxg3 Nxg3 31. Bxe5 Nxe4 32. Qxc7 Qxc7 33. Bxc7 Nxc5 34.
Ne5 Ne4 35. Kf3 Ned6 36. Ke3 Kg7 37. Bd8 Nf7 38. Nxf7 Kxf7 39. Kd4 Nd6 40. Ke5
Nc4+ 41. Kd4 Nd6 42. Ba5 g5 43. Bb4 Nf5+ 44. Ke5 Kg6 45. Be1 h5 46. Bf2 g4 47.
h4 g3 48. Bxg3 Nxg3 49. d6 Kf7 1/2-1/2

[Event "XVIII MFSz Pamieci E. Laskera - Open A"]
[Site "Barlinek"]
[Date "2010.07.18"]
[Round "1"]
[White "von Hassel, Ulf"]
[Black "Juroszek, Tadeusz"]
[WhiteElo "2083"]
[BlackElo "2376"]
[Result "0-1"]
[PlyCount "74"]
[EventDate "2010.??.??"]

1. e4 d6 2. d4 Nf6 3. Nc3 c6 4. h3 e5 5. Nf3 Nbd7 6. Be3 b5 7. a3 Bb7 8. Bd3
Be7 9. O-O O-O 10. Re1 Re8 11. Qd2 Bf8 12. Bg5 Qc7 13. a4 b4 14. Ne2 exd4 15.
Ng3 c5 16. b3 Re6 17. Re2 h6 18. Bxf6 Nxf6 19. Rae1 Rae8 20. Qf4 Nd7 21. Bc4
Rf6 22. Qg4 Ne5 23. Nxe5 dxe5 24. Nh5 Rd6 25. f4 Ba6 26. Bxa6 Rxa6 27. f5 c4
28. Rf1 d3 29. cxd3 cxd3 30. Ref2 f6 31. Rf3 Rd8 32. Rd1 d2 33. Rg3 Qf7 34. Kf1
Rc6 35. Qe2 Rc1 36. Rg4 Rxd1+ 37. Qxd1 Qxh5 0-1

[Event "XVIII MFSz Pamieci E. Laskera - Open A"]
[Site "Barlinek"]
[Date "2010.07.18"]
[Round "1"]
[White "Malisauskas, Vidmantas"]
[Black "Bronowicki, Mateusz"]
[WhiteElo "2516"]
[BlackElo "2360"]
[Result "1-0"]
[PlyCount "73"]
[EventDate "2010.??.??"]

1. g3 d5 2. f4 h5 3. Nf3 h4 4. Nxh4 Rxh4 5. gxh4 e5 6. d3 Qxh4+ 7. Kd2 Qxf4+ 8.
e3 Qb4+ 9. c3 Qd6 10. Qf3 Nf6 11. Kc2 c5 12. e4 Bg4 13. Qg2 dxe4 14. Nd2 exd3+
15. Bxd3 Nc6 16. Ne4 Nxe4 17. Bxe4 f5 18. Bg5 Qe6 19. Bd5 Qg6 20. Rae1 f4+ 21.
Kc1 Qxg5 22. Bxc6+ bxc6 23. Qxc6+ Kf7 24. Qxa8 f3+ 25. Kb1 Qf5+ 26. Ka1 f2 27.
Qd5+ Kg6 28. Ref1 Bf3 29. Rxf2 Bxd5 30. Rxf5 Kxf5 31. Rf1+ Ke4 32. Rxf8 Ke3 33.
Rf5 Ke4 34. Rg5 Bc4 35. Kb1 a5 36. b3 Bd3+ 37. Kc1 1-0

[Event "XVIII MFSz Pamieci E. Laskera - Open A"]
[Site "Barlinek"]
[Date "2010.07.18"]
[Round "1"]
[White "Jozwicki, Jakub"]
[Black "Koziak, Vitali"]
[WhiteElo "2195"]
[BlackElo "2470"]
[Result "0-1"]
[PlyCount "50"]
[EventDate "2010.??.??"]

1. c4 Nf6 2. Nf3 e6 3. g3 a6 4. Bg2 b5 5. b3 c5 6. O-O Be7 7. Nc3 bxc4 8. bxc4
Bb7 9. Rb1 Bc6 10. d4 Ne4 11. Bb2 Nxc3 12. Bxc3 cxd4 13. Bxd4 O-O 14. Bb6 Qc8
15. c5 a5 16. Qd2 Na6 17. Rfc1 f6 18. a3 a4 19. Rc4 Bd5 20. Rxa4 Nxc5 21. Rxa8
Qxa8 22. Qe3 Rb8 23. Rb5 Ne4 24. Ne1 Qc6 25. a4 Nc3 0-1

[Event "XVIII MFSz Pamieci E. Laskera - Open A"]
[Site "Barlinek"]
[Date "2010.07.18"]
[Round "1"]
[White "Shishkin, Vadim"]
[Black "Sokalsky, Alexander"]
[WhiteElo "2471"]
[BlackElo "2211"]
[Result "1-0"]
[PlyCount "109"]
[EventDate "2010.??.??"]

1. d4 Nf6 2. c4 e6 3. Nc3 Bb4 4. Qc2 b6 5. e4 Bb7 6. Bd3 Nc6 7. Nf3 Be7 8. a3
d6 9. h3 e5 10. d5 Nb8 11. Be3 O-O 12. b4 c5 13. bxc5 bxc5 14. O-O Bc8 15. Qe2
Nbd7 16. Bc2 Nh5 17. g3 Bf6 18. Kh2 g6 19. Rab1 Bg7 20. Ba4 Nb6 21. Bc6 Rb8 22.
Rb3 h6 23. Nd2 Qf6 24. Nb5 Qe7 25. a4 f5 26. exf5 Bxf5 27. g4 Bc8 28. Ne4 Nxa4
29. Ra3 Nf4 30. Bxf4 Rxf4 31. f3 a6 32. Rxa4 axb5 33. cxb5 h5 34. Kg2 Bh6 35.
Rfa1 Rf8 36. Ra7 Qd8 37. Qc2 hxg4 38. hxg4 Rf4 39. Rh1 Bxg4 40. fxg4 Rxg4+ 41.
Kf3 Rh4 42. Ng3 Qf6+ 43. Kg2 Rxh1 44. Nxh1 Rf8 45. Qe2 Qf4 46. Ng3 c4 47. Ra3
Qd4 48. Qc2 Kg7 49. Rf3 Bf4 50. Ne2 Qa1 51. Nxf4 Rxf4 52. Rxf4 exf4 53. b6 c3
54. b7 Qb2 55. Qxb2 1-0

[Event "XVIII MFSz Pamieci E. Laskera - Open A"]
[Site "Barlinek"]
[Date "2010.07.18"]
[Round "1"]
[White "Rooze, Jan"]
[Black "Sharapov, Evgeny"]
[WhiteElo "2331"]
[BlackElo "2419"]
[Result "1/2-1/2"]
[PlyCount "65"]
[EventDate "2010.??.??"]

1. e4 c5 2. Nf3 d6 3. Bb5+ Bd7 4. Bxd7+ Qxd7 5. O-O Nc6 6. c3 Nf6 7. d4 Nxe4 8.
d5 Ne5 9. Re1 Nxf3+ 10. Qxf3 Nf6 11. Na3 O-O-O 12. b4 cxb4 13. cxb4 g6 14. Bb2
Bg7 15. Nc4 Kb8 16. Bd4 b6 17. a4 Rc8 18. Ne3 e5 19. dxe6 fxe6 20. a5 b5 21. a6
Rhf8 22. Qb7+ Qxb7 23. axb7 Rc7 24. Rxa7 Rxb7 25. Ra6 Kc7 26. Rc1+ Kd7 27. Rcc6
Ne8 28. Bxg7 Nxg7 29. Rxd6+ Ke7 30. g3 Rc8 31. Rdc6 Rd8 32. Rab6 Rdd7 33. Kg2
1/2-1/2

[Event "XVIII MFSz Pamieci E. Laskera - Open A"]
[Site "Barlinek"]
[Date "2010.07.19"]
[Round "2"]
[White "Sroka, Janusz"]
[Black "Rooze, Jan"]
[WhiteElo "2148"]
[BlackElo "2331"]
[Result "0-1"]
[PlyCount "108"]
[EventDate "2010.??.??"]

1. e4 c5 2. g3 Nc6 3. Bg2 g6 4. d3 Bg7 5. f4 Nf6 6. Nf3 O-O 7. O-O d6 8. Nc3
Bg4 9. h3 Bxf3 10. Qxf3 Rc8 11. Be3 Nd4 12. Qf2 Nd7 13. Nd1 Qa5 14. Bd2 Qa6 15.
Ne3 b5 16. c3 Nc6 17. Bf3 b4 18. Be2 Qb7 19. h4 Nb6 20. h5 Na4 21. hxg6 fxg6
22. Rab1 Qd7 23. Bg4 e6 24. Qe1 Rb8 25. Qd1 bxc3 26. bxc3 Nxc3 27. Bxc3 Bxc3
28. Rxb8 Rxb8 29. Nc4 Ne7 30. Qf3 Kg7 31. Bh3 Bd4+ 32. Kh1 h5 33. Kh2 Rf8 34.
Rb1 Nc6 35. Bg2 Ne7 36. Na5 Qa4 37. Rb7 Rf7 38. Nc4 Qc6 39. Rxa7 d5 40. Nd2 c4
41. exd5 exd5 42. Ra5 Bc3 43. Nxc4 dxc4 44. Qxc6 Nxc6 45. Rc5 Na5 46. dxc4 Kf6
47. Rc8 Re7 48. c5 Nc4 49. Rc6+ Re6 50. Rc8 Ne3 51. Bb7 Ng4+ 52. Kg2 Re2+ 53.
Kh1 Bd4 54. Bd5 Rh2# 0-1

[Event "XVIII MFSz Pamieci E. Laskera - Open A"]
[Site "Barlinek"]
[Date "2010.07.19"]
[Round "2"]
[White "Heinsohn, Michael"]
[Black "Shishkin, Vadim"]
[WhiteElo "2043"]
[BlackElo "2471"]
[Result "0-1"]
[PlyCount "98"]
[EventDate "2010.??.??"]

1. d4 g6 2. c4 Bg7 3. Nc3 c5 4. d5 d6 5. e4 e5 6. Nf3 Bg4 7. Be2 Ne7 8. O-O
Bxf3 9. Bxf3 O-O 10. Rb1 Nd7 11. g4 Kh8 12. Kh1 Ng8 13. Bg2 Bh6 14. Bxh6 Nxh6
15. f3 f5 16. Qd2 f4 17. Qf2 g5 18. Qc2 Nf7 19. Qb3 Rb8 20. Kg1 Kg7 21. Kf2 Rh8
22. Qc2 h5 23. h3 a6 24. a4 Nf6 25. b4 cxb4 26. Rxb4 Qc8 27. Rfb1 hxg4 28. hxg4
a5 29. Rb5 Qxc4 30. Qd2 b6 31. Ne2 Qc8 32. Rc1 Qd8 33. Qc3 Nd7 34. Qc7 Nc5 35.
Qxd8 Rhxd8 36. Rc4 Rdc8 37. Kg1 Kf8 38. Bf1 Nd7 39. Rc6 Ke7 40. Nc3 Nd8 41.
Rxc8 Rxc8 42. Rb3 Nb7 43. Ba6 Nbc5 44. Bxc8 Nxb3 45. Bxd7 Kxd7 46. Kf2 Nc5 47.
Ke2 b5 48. axb5 Kc7 49. Kd1 Nb3 0-1

[Event "XVIII MFSz Pamieci E. Laskera - Open A"]
[Site "Barlinek"]
[Date "2010.07.19"]
[Round "2"]
[White "Koziak, Vitali"]
[Black "Aliavdin, Nikolai"]
[WhiteElo "2470"]
[BlackElo "2367"]
[Result "1/2-1/2"]
[PlyCount "83"]
[EventDate "2010.??.??"]

1. d4 Nf6 2. c4 g6 3. Nc3 d5 4. cxd5 Nxd5 5. Bd2 Bg7 6. e4 Nb6 7. Be3 O-O 8.
Nf3 Bg4 9. Be2 Nc6 10. d5 Bxf3 11. gxf3 Na5 12. Bd4 Qd6 13. Nb5 Qb4+ 14. Bc3
Bxc3+ 15. bxc3 Qa4 16. Nxc7 Rac8 17. Nb5 a6 18. Nd4 Qa3 19. O-O Rxc3 20. Rb1
Nbc4 21. Bxc4 Rxc4 22. Nc2 Qxa2 23. Ne3 Ra4 24. Rc1 b5 25. Rc7 Qa3 26. e5 Nc4
27. Qd4 Nxe3 28. Qxe3 Rd8 29. Rd1 Qxe3 30. fxe3 Kf8 31. Kf2 b4 32. e4 a5 33.
Rdc1 b3 34. Rb7 Ra2+ 35. Ke3 a4 36. Rcc7 b2 37. Kf4 a3 38. Rxe7 b1=Q 39. Rxf7+
Kg8 40. Rg7+ Kf8 41. Rgf7+ Kg8 42. Rg7+ 1/2-1/2

[Event "XVIII MFSz Pamieci E. Laskera - Open A"]
[Site "Barlinek"]
[Date "2010.07.19"]
[Round "2"]
[White "Bronowicki, Mateusz"]
[Black "Jozwicki, Jakub"]
[WhiteElo "2360"]
[BlackElo "2195"]
[Result "1/2-1/2"]
[PlyCount "62"]
[EventDate "2010.??.??"]

1. d4 d5 2. c4 c6 3. Nf3 Nf6 4. Nc3 dxc4 5. a4 Bf5 6. Ne5 Nbd7 7. Nxc4 Qc7 8.
g3 Rd8 9. Bf4 Qc8 10. Rc1 Nb6 11. Nxb6 axb6 12. Qb3 Rxd4 13. Qxb6 e5 14. Bxe5
Rb4 15. Nb5 Nd5 16. Qa7 f6 17. Nd6+ Bxd6 18. Bxd6 Rxb2 19. Qd4 Rc2 20. Rxc2
Bxc2 21. Bg2 Qe6 22. Bc5 Kf7 23. Qc4 Bg6 24. O-O b6 25. Ba3 Ra8 26. Rc1 Ne7 27.
Bxe7 Qxc4 28. Rxc4 Kxe7 29. Rxc6 Rxa4 30. Bd5 Rd4 31. e4 Bxe4 1/2-1/2

[Event "XVIII MFSz Pamieci E. Laskera - Open A"]
[Site "Barlinek"]
[Date "2010.07.19"]
[Round "2"]
[White "Sharapov, Evgeny"]
[Black "Rutkowski, Maciej"]
[WhiteElo "2499"]
[BlackElo "2413"]
[Result "1/2-1/2"]
[PlyCount "21"]
[EventDate "2010.??.??"]

1. e4 c5 2. Nf3 Nc6 3. d4 cxd4 4. Nxd4 g6 5. c4 Nf6 6. Nc3 d6 7. Be2 Nxd4 8.
Qxd4 Bg7 9. Be3 O-O 10. Qd2 a5 11. O-O 1/2-1/2

[Event "XVIII MFSz Pamieci E. Laskera - Open A"]
[Site "Barlinek"]
[Date "????.??.??"]
[Round "3.1"]
[White "Shishkin, Vadim"]
[Black "Malisauskas, Vidmantas"]
[WhiteElo "2471"]
[BlackElo "2516"]
[Result "1/2-1/2"]
[PlyCount "24"]

1. d4 Nf6 2. c4 g6 3. Nc3 d5 4. cxd5 Nxd5 5. e4 Nxc3 6. bxc3 Bg7 7. Nf3 c5 8.
Be3 Qa5 9. Qd2 O-O 10. Rc1 cxd4 11. cxd4 Qxd2+ 12. Kxd2 Rd8 1/2-1/2

[Event "XVIII MFSz Pamieci E. Laskera - Open A"]
[Site "Barlinek"]
[Date "????.??.??"]
[Round "3.2"]
[White "Rooze, Jan"]
[Black "Koziak, Vitali"]
[WhiteElo "2331"]
[BlackElo "2470"]
[Result "1/2-1/2"]
[PlyCount "23"]

1. e4 c6 2. d4 d5 3. e5 c5 4. dxc5 Nc6 5. Bb5 e6 6. Be3 Nge7 7. c3 Bd7 8. Bxc6
Bxc6 9. Nf3 Nf5 10. Bd4 Nxd4 11. Qxd4 Qc7 12. b4 1/2-1/2

[Event "XVIII MFSz Pamieci E. Laskera - Open A"]
[Site "Barlinek"]
[Date "????.??.??"]
[Round "3"]
[White "Aliavdin, Nikolai"]
[Black "Juroszek, Tadeusz"]
[WhiteElo "2367"]
[BlackElo "2376"]
[Result "1/2-1/2"]
[PlyCount "67"]

1. e4 e5 2. Nf3 d6 3. d4 exd4 4. Nxd4 Nf6 5. Nc3 Be7 6. Be2 O-O 7. O-O Re8 8.
f4 Bf8 9. Bf3 c5 10. Nde2 Nc6 11. h3 Qb6 12. Kh2 Nd4 13. Nxd4 cxd4 14. Ne2 Nxe4
15. Qxd4 Qa6 16. Bxe4 Qxe2 17. Bd3 Qe6 18. Bd2 Bd7 19. Rae1 Qh6 20. Rxe8 Bxe8
21. Be4 Bc6 22. f5 Qh5 23. Bd3 d5 24. Bb4 Bxb4 25. Qxb4 Qg5 26. Qd4 Re8 27. f6
Qe5+ 28. Qxe5 Rxe5 29. fxg7 Kxg7 30. Rf4 f6 31. Kg3 Be8 32. Rb4 b6 33. Kf2 Bg6
34. Rd4 1/2-1/2

[Event "XVIII MFSz Pamieci E. Laskera - Open A"]
[Site "Barlinek"]
[Date "????.??.??"]
[Round "3"]
[White "Rutkowski, Maciej"]
[Black "Heinsohn, Michael"]
[WhiteElo "2413"]
[BlackElo "2043"]
[Result "1/2-1/2"]
[PlyCount "30"]

1. d4 Nf6 2. c4 g6 3. Nc3 d5 4. Bf4 Bg7 5. e3 c5 6. dxc5 Qa5 7. Rc1 dxc4 8.
Bxc4 O-O 9. Nf3 Qxc5 10. Qb3 Nc6 11. Nb5 Be6 12. Nfd4 Bxc4 13. Qxc4 Qxc4 14.
Rxc4 Nxd4 15. exd4 Nd5 1/2-1/2

[Event "XVIII MFSz Pamieci E. Laskera - Open A"]
[Site "Barlinek"]
[Date "????.??.??"]
[Round "3"]
[White "Bronowicki, Mateusz"]
[Black "Sokalsky, Alexander"]
[WhiteElo "2360"]
[BlackElo "2211"]
[Result "0-1"]
[PlyCount "70"]

1. d4 d5 2. c4 e6 3. Nc3 Be7 4. Nf3 c6 5. e4 dxe4 6. Nxe4 Nf6 7. Nc3 O-O 8. Bf4
b6 9. Qc2 Bb7 10. O-O-O Na6 11. Be2 b5 12. c5 Nb4 13. Qb1 Nfd5 14. Bd2 Nxc3 15.
Bxc3 Nd5 16. Bd2 Qc7 17. Bd3 h6 18. g4 e5 19. g5 hxg5 20. dxe5 Bc8 21. h3 Nf4
22. Bxf4 gxf4 23. Rdg1 Rd8 24. Rg2 Rd5 25. Bh7+ Kf8 26. Qe4 Be6 27. Rhg1 Rxc5+
28. Kb1 Qa5 29. a3 Rc4 30. Rxg7 Bxa3 31. Nd4 Bxb2 32. Nxe6+ Ke8 33. Nc7+ Kd8
34. Ne6+ fxe6 35. Rd1+ Kc8 0-1

[Event "XVIII MFSz Pamieci E. Laskera - Open A"]
[Site "Barlinek"]
[Date "????.??.??"]
[Round "3"]
[White "Jozwicki, Jakub"]
[Black "Sroka, Janusz"]
[Result "1-0"]
[WhiteElo "2195"]
[BlackElo "2148"]
[PlyCount "119"]

1. e4 e5 2. Nc3 Bc5 3. Bc4 Nf6 4. d3 d6 5. Na4 Nbd7 6. Nxc5 Nxc5 7. b4 Ne6 8.
Nf3 O-O 9. O-O c6 10. Bb3 a5 11. bxa5 Qxa5 12. Bd2 Qd8 13. c3 Nc5 14. Bc2 h6
15. Re1 Re8 16. h3 Be6 17. d4 Ncd7 18. a4 Bc4 19. Rb1 Qc7 20. Nh4 Be6 21. Qf3
d5 22. exd5 Bxd5 23. Qg3 Nh5 24. Qg4 Ndf6 25. Qf5 exd4 26. cxd4 Rad8 27. Re5
Rxe5 28. Qxe5 Qd7 29. Bf5 Be6 30. g4 Bxf5 31. Nxf5 Re8 32. Qa5 Ne4 33. Bxh6 g6
34. Ne3 Nhf6 35. Qb4 Kh7 36. Bf4 g5 37. Be5 Ng8 38. Qxb7 Qe6 39. Rc1 Ne7 40.
Qb1 Qg6 41. f3 Nd2 42. Qxg6+ Nxg6 43. Kf2 Nxe5 44. dxe5 Rxe5 45. Rxc6 Nb3 46.
Rf6 Re7 47. Rf5 Kg6 48. Nd5 Ra7 49. Nc3 Rc7 50. Ne4 Rc2+ 51. Ke3 Rh2 52. Nxg5
Ra2 53. h4 Rxa4 54. h5+ Kh6 55. f4 Ra7 56. Rxf7 Rxf7 57. Nxf7+ Kg7 58. Nd6 Nc5
59. g5 Ne6 60. Ke4 1-0

[Event "XVIII MFSz Pamieci E. Laskera - Open A"]
[Site "Barlinek"]
[Date "2010.07.20"]
[Round "4"]
[White "Sharapov, Evgeny"]
[Black "Shishkin, Vadim"]
[WhiteElo "2499"]
[BlackElo "2471"]
[Result "1-0"]
[PlyCount "131"]
[EventDate "2010.??.??"]

1. e4 c5 2. Nf3 Nc6 3. d4 cxd4 4. Nxd4 Nf6 5. Nc3 d6 6. Bg5 e6 7. Qd2 a6 8.
O-O-O Bd7 9. f3 Be7 10. h4 h6 11. Be3 h5 12. Kb1 b5 13. Nxc6 Bxc6 14. Ne2 Bb7
15. Nd4 Qc7 16. Bd3 g6 17. Bg5 e5 18. Nb3 Rd8 19. Qa5 Rc8 20. Qxc7 Rxc7 21. Na5
Nd7 22. a4 bxa4 23. Be3 Nc5 24. Bxc5 dxc5 25. Nxb7 Rxb7 26. Bxa6 Rb6 27. Bc4
Bd6 28. Rd3 Ke7 29. Ra3 Rhb8 30. Ra2 Ke8 31. c3 Bf8 32. Kc2 Bh6 33. Rb1 Ra8 34.
Bd5 Ra7 35. Rba1 Rba6 36. Kd3 Bf8 37. Bb3 a3 38. bxa3 c4+ 39. Bxc4 Rxa3 40.
Rxa3 Bxa3 41. Rb1 Bc5 42. Rb2 Ke7 43. g4 Kf8 44. Rb5 Rc7 45. Bb3 Kg7 46. Bd1 f6
47. gxh5 gxh5 48. Rb2 Rd7+ 49. Ke2 Rc7 50. Bb3 Ba3 51. Ra2 Be7 52. Kd3 f5 53.
Rg2+ Kh6 54. exf5 Bxh4 55. Rg6+ Kh7 56. Bg8+ Kh8 57. Bd5 Rg7 58. Rh6+ Rh7 59.
Ra6 Rd7 60. Ke4 Kg7 61. Rg6+ Kh7 62. Bg8+ Kh8 63. f6 Rd6 64. Rh6+ Kxg8 65. f7+
Kxf7 66. Rxd6 1-0

[Event "XVIII MFSz Pamieci E. Laskera - Open A"]
[Site "Barlinek"]
[Date "????.??.??"]
[Round "4"]
[White "Malisauskas, Vidmantas"]
[Black "Aliavdin, Nikolai"]
[WhiteElo "2516"]
[BlackElo "2367"]
[Result "1-0"]
[PlyCount "59"]

1. e4 c5 2. Nf3 d6 3. d4 cxd4 4. Nxd4 Nf6 5. Nc3 a6 6. Be2 e5 7. Nb3 Be7 8. O-O
O-O 9. Re1 Be6 10. Bf3 Nbd7 11. a4 Qc7 12. Nd2 Qc6 13. Nf1 b5 14. Ne3 b4 15.
Ncd5 Bxd5 16. exd5 Qc7 17. a5 Rfb8 18. b3 Rb5 19. Nc4 Re8 20. Be3 Bf8 21. Nb6
Nxb6 22. axb6 Qb7 23. Be2 Rxd5 24. Bxa6 Rxd1 25. Bxb7 Rxe1+ 26. Rxe1 Rb8 27.
Bc6 d5 28. b7 d4 29. Bd2 Bd6 30. Ra1 1-0

[Event "XVIII MFSz Pamieci E. Laskera - Open A"]
[Site "Barlinek"]
[Date "????.??.??"]
[Round "4"]
[White "Koziak, Vitali"]
[Black "Sokalsky, Alexander"]
[WhiteElo "2470"]
[BlackElo "2211"]
[Result "1-0"]
[PlyCount "119"]

1. e4 c6 2. d4 d5 3. Nc3 g6 4. Nf3 Bg7 5. h3 dxe4 6. Nxe4 Nf6 7. Nxf6+ exf6 8.
Bd3 O-O 9. O-O b6 10. Bf4 Na6 11. Qd2 Nc7 12. Rad1 Bb7 13. Bc4 Nd5 14. Bh2 Qd7
15. a3 Rfe8 16. Ba2 Rad8 17. c4 Ne7 18. Qc2 Nf5 19. b4 Nd6 20. Bb3 Ne4 21. c5
Bh6 22. Rfe1 Ng5 23. Rxe8+ Rxe8 24. Nxg5 Bxg5 25. Bd6 Ba6 26. Bc4 Bxc4 27. Qxc4
b5 28. Qd3 f5 29. d5 Bf6 30. dxc6 Qxc6 31. Qd5 Qxd5 32. Rxd5 Rc8 33. Be5 Bxe5
34. Rxe5 Kf8 35. Rd5 Rc6 36. Kf1 Ke7 37. Ke2 Re6+ 38. Kd2 f4 39. f3 Ra6 40. Rd3
Ra4 41. c6 Ra6 42. Rd5 Rxc6 43. Rxb5 Rd6+ 44. Kc3 Ke6 45. Rb7 Rc6+ 46. Kb3 a6
47. a4 g5 48. a5 h5 49. b5 axb5 50. Rxb5 Rc1 51. Rxg5 f6 52. Rxh5 Rg1 53. Rh8
Rxg2 54. a6 Rg7 55. Kc4 Kd6 56. Kb5 Rg5+ 57. Kb6 Rg1 58. Rd8+ Ke7 59. Rd5 Rb1+
60. Rb5 1-0

[Event "XVIII MFSz Pamieci E. Laskera - Open A"]
[Site "Barlinek"]
[Date "????.??.??"]
[Round "4"]
[White "Juroszek, Tadeusz"]
[Black "Rooze, Jan"]
[WhiteElo "2376"]
[BlackElo "2331"]
[Result "1/2-1/2"]
[PlyCount "34"]

1. e4 c5 2. Nf3 e6 3. d3 Nc6 4. g3 Nf6 5. Bg2 d6 6. O-O Be7 7. Re1 O-O 8. c3
Bd7 9. a3 Rc8 10. b4 b6 11. Nbd2 Qc7 12. b5 Ne5 13. Nxe5 dxe5 14. a4 Ne8 15.
Nc4 f6 16. Qb3 Nd6 17. f4 Kh8 1/2-1/2

[Event "XVIII MFSz Pamieci E. Laskera - Open A"]
[Site "Barlinek"]
[Date "????.??.??"]
[Round "4"]
[White "Heinsohn, Michael"]
[Black "Jozwicki, Jakub"]
[WhiteElo "2043"]
[BlackElo "2195"]
[Result "0-1"]
[PlyCount "84"]

1. d4 f5 2. g3 g6 3. Bg2 Bg7 4. Nh3 Nf6 5. Nf4 d5 6. h4 Nc6 7. c3 Qd6 8. Qb3 e6
9. Na3 a6 10. h5 g5 11. h6 Bf8 12. Nh3 g4 13. Nf4 b6 14. Nd3 Bb7 15. Ne5 Nd7
16. Nxc6 Qxc6 17. c4 Nf6 18. Bf4 Qd7 19. c5 b5 20. Be5 Be7 21. Qe3 Rg8 22. c6
Bxc6 23. Rc1 Rc8 24. Qc3 Bb7 25. Qa5 Bd8 26. Qd2 Kf7 27. Qf4 Ne4 28. Bxe4 Bg5
29. Qxg5 Rxg5 30. Bd3 b4 31. Nc2 c5 32. e3 c4 33. Be2 Qa4 34. O-O Qxa2 35. Rb1
a5 36. Rfc1 Qa4 37. Ne1 Rgg8 38. Ng2 Qb5 39. Nf4 a4 40. Kg2 Rc6 41. Nh5 Rg6 42.
Nf6 Rxf6 0-1

[Event "XVIII MFSz Pamieci E. Laskera - Open A"]
[Site "Barlinek"]
[Date "????.??.??"]
[Round "4"]
[White "Von Hassel, Ulf"]
[Black "Rutkowski, Maciej"]
[WhiteElo "2083"]
[BlackElo "2413"]
[Result "0-1"]
[PlyCount "114"]

1. e4 c5 2. Nf3 Nc6 3. d3 g6 4. g3 Bg7 5. Bg2 e6 6. O-O Nge7 7. c3 d5 8. Nbd2
b6 9. Re1 Ba6 10. exd5 Nxd5 11. Nc4 O-O 12. h4 Qc7 13. h5 Rad8 14. Qe2 Rfe8 15.
hxg6 hxg6 16. Ng5 b5 17. Ne3 Nf6 18. Ng4 Nxg4 19. Qxg4 Ne5 20. Qh4 Nxd3 21.
Qh7+ Kf8 22. Re3 Ne5 23. Re1 Nd3 24. Re3 Bb7 25. Ne4 Nxc1 26. Rxc1 Rd5 27. g4
Red8 28. Rce1 Rd1 29. Qh4 c4 30. g5 Rxe1+ 31. Rxe1 Qc6 32. Qg3 a5 33. a3 b4 34.
axb4 axb4 35. cxb4 Bxb2 36. b5 Qb6 37. Nf6 Bxg2 38. Kxg2 Qb7+ 39. Kg1 Kg7 40.
Qf4 Rh8 41. Ne4 Qd5 42. b6 Qf5 43. Qd2 Be5 44. Qe3 Qg4+ 45. Ng3 Bd4 46. Qa3 c3
47. Qd6 e5 48. Qf6+ Kg8 49. Kg2 Qh3+ 50. Kf3 Qd7 51. Ra1 Qd5+ 52. Ke2 Rh2 53.
Ra7 Rxf2+ 54. Qxf2 Bxf2 55. Kxf2 c2 56. Rc7 Qd4+ 57. Kg2 Qd2+ 0-1

[Event "XVIII MFSz Pamieci E. Laskera - Open A"]
[Site "Barlinek"]
[Date "????.??.??"]
[Round "5"]
[White "Shishkin, Vadim"]
[Black "Koziak, Vitali"]
[WhiteElo "2471"]
[BlackElo "2470"]
[Result "1/2-1/2"]
[PlyCount "26"]

1. d4 d5 2. c4 e6 3. Nf3 Nf6 4. Nc3 Be7 5. Bf4 O-O 6. e3 c5 7. dxc5 Bxc5 8.
cxd5 Nxd5 9. Nxd5 exd5 10. a3 Nc6 11. Be2 Bb6 12. b4 Bf5 13. Ne5 d4 1/2-1/2

[Event "XVIII MFSz Pamieci E. Laskera - Open A"]
[Site "Barlinek"]
[Date "????.??.??"]
[Round "5"]
[White "Rutkowski, Maciej"]
[Black "Rooze, Jan"]
[WhiteElo "2413"]
[BlackElo "2331"]
[Result "1-0"]
[PlyCount "79"]

1. d4 Nf6 2. c4 c5 3. Nf3 cxd4 4. Nxd4 b6 5. Nc3 Bb7 6. f3 e6 7. e4 d6 8. Be3
Be7 9. Be2 O-O 10. O-O a6 11. Qd2 Nbd7 12. Rfc1 Rc8 13. Rab1 Re8 14. b4 Ne5 15.
Na4 Nfd7 16. a3 Ba8 17. Bf1 Rb8 18. Rd1 Bf8 19. Kh1 Qf6 20. Rbc1 Qg6 21. Nb2
Be7 22. Nd3 Nxd3 23. Bxd3 Ne5 24. Bf1 Rec8 25. Ne2 Qf6 26. Ng3 g5 27. Qf2 Nd7
28. Bd3 Bd8 29. c5 bxc5 30. Bxa6 Rc6 31. b5 Rcb6 32. a4 Ne5 33. a5 Rxb5 34.
Bxb5 Rxb5 35. Rxd6 Rxa5 36. Bxc5 Be7 37. Rdd1 Nd3 38. Rxd3 Bxc5 39. Qd2 Ra1 40.
Rdc3 1-0

[Event "XVIII MFSz Pamieci E. Laskera - Open A"]
[Site "Barlinek"]
[Date "????.??.??"]
[Round "5"]
[White "Jozwicki, Jakub"]
[Black "Juroszek, Tadeusz"]
[WhiteElo "2195"]
[BlackElo "2376"]
[Result "1/2-1/2"]
[PlyCount "58"]

1. c4 b6 2. g3 Bb7 3. Nf3 Bxf3 4. exf3 c5 5. d4 cxd4 6. Qxd4 Nc6 7. Qd1 e6 8.
Be3 Qf6 9. Nc3 Ba3 10. Qe2 Rc8 11. Rc1 Bb4 12. Bg2 Nd4 13. Bxd4 Qxd4 14. O-O
Bxc3 15. Rxc3 Nf6 16. Rd1 Qc5 17. Rd5 Qe7 18. Rb5 O-O 19. f4 Rc7 20. g4 Rfc8
21. g5 Ne8 22. b3 Rc5 23. Rxc5 Qxc5 24. Re3 g6 25. Be4 Ng7 26. Qd2 Nh5 27. Rd3
d5 28. Bf3 dxc4 29. Rd8+ Qf8 1/2-1/2

[Event "XVIII MFSz Pamieci E. Laskera - Open A"]
[Site "Barlinek"]
[Date "????.??.??"]
[Round "5"]
[White "Sokalsky, Alexander"]
[Black "Aliavdin, Nikolai"]
[WhiteElo "2211"]
[BlackElo "2367"]
[Result "0-1"]
[PlyCount "82"]

1. Nf3 Nf6 2. b3 g6 3. Bb2 Bg7 4. e3 O-O 5. c4 d6 6. d4 e5 7. Be2 e4 8. Nfd2 c6
9. Nc3 Re8 10. h3 h5 11. Qc2 d5 12. b4 Bf5 13. Nb3 Na6 14. a3 Nc7 15. Na5 Rb8
16. Rd1 Qd7 17. cxd5 cxd5 18. Na4 Ne6 19. Nc5 Qe7 20. Qd2 Rec8 21. Nxe6 Qxe6
22. Nb3 Ne8 23. Nc5 Qe7 24. O-O Qg5 25. Kh1 Bf8 26. f3 exf3 27. Bxf3 Nf6 28.
Bxd5 Nxd5 29. e4 Qxd2 30. Rxd2 Bxc5 31. dxc5 Ne3 32. Re1 Nc4 33. Rd4 Be6 34.
Bc1 b6 35. cxb6 axb6 36. Rd3 Rd8 37. Rc3 b5 38. Bg5 Rd7 39. Kh2 Ra8 40. Ra1
Rda7 41. Bc1 Ra4 0-1

[Event "XVIII MFSz Pamieci E. Laskera - Open A"]
[Site "Barlinek"]
[Date "????.??.??"]
[Round "5"]
[White "Sroka, Janusz"]
[Black "Heinsohn, Michael"]
[WhiteElo "2148"]
[BlackElo "2043"]
[Result "1-0"]
[PlyCount "109"]

1. e4 e6 2. d3 d5 3. Nd2 Nf6 4. Ngf3 Be7 5. Be2 c5 6. O-O O-O 7. c3 Nc6 8. b3
Qc7 9. Bb2 Bd7 10. Re1 b5 11. a3 a5 12. Bf1 b4 13. cxb4 axb4 14. a4 d4 15. g3
e5 16. Bg2 Ne8 17. Nc4 Bg4 18. h3 Bxf3 19. Qxf3 Nd6 20. Nxd6 Qxd6 21. Bc1 Qe6
22. Rb1 Na5 23. Qd1 Ra6 24. Kh2 Bd6 25. Rb2 Ra7 26. h4 h6 27. Bh3 Qf6 28. Kg2
Rfa8 29. Rf1 Nb7 30. Qg4 Bf8 31. f4 c4 32. fxe5 Qxe5 33. Bf4 Qc5 34. dxc4 Na5
35. Qf3 Nc6 36. Kh2 Re8 37. Bg2 g5 38. hxg5 hxg5 39. Qg4 f6 40. Rbf2 Rg7 41.
Bd2 Ne5 42. Qf5 Rh7+ 43. Kg1 Bg7 44. Re2 Qe7 45. Rd1 Rh6 46. Be1 Bf8 47. Bf2
Qf7 48. Rxd4 Qh5 49. Red2 Qh2+ 50. Kf1 g4 51. Rd8 Rxd8 52. Rxd8 Rh7 53. Qxf6
Nf7 54. Rc8 Rh6 55. Qe7 1-0

[Event "XVIII MFSz Pamieci E. Laskera - Open A"]
[Site "Barlinek"]
[Date "????.??.??"]
[Round "5"]
[White "Von Hassel, Ulf"]
[Black "Czyz, Artur"]
[WhiteElo "2083"]
[BlackElo "2061"]
[Result "1-0"]
[PlyCount "61"]

1. e4 c5 2. Nf3 e6 3. d3 Nc6 4. g3 d5 5. Nbd2 Nf6 6. Bg2 b6 7. O-O Bb7 8. Re1
Be7 9. c3 Qc7 10. a3 O-O-O 11. Qe2 Ba6 12. exd5 exd5 13. c4 Rhe8 14. cxd5 Bd6
15. Qf1 Nxd5 16. Nc4 Bf8 17. Bd2 Rxe1 18. Rxe1 g6 19. Rc1 b5 20. Ne3 Qd7 21.
Nxd5 Qxd5 22. d4 Qb3 23. Bg5 Rd7 24. a4 Nxd4 25. Nxd4 Rxd4 26. Qe1 Qe6 27. Be3
Rxa4 28. b3 Ra3 29. Qd1 Qxb3 30. Qf3 Bd6 31. Qc6+ 1-0